000 00385pab a2200157 454500
008 180718b2015 xxu||||| |||| 00| 0 eng d
100 _aDeshpande, Ashwini
245 _aFrom formal to substantive equality
260 _c2015
300 _ap.60-64.
362 _aAug
650 _aSocial inequality - India
650 _aSocial inequality
773 _aSeminar
909 _a108901
999 _c108896
_d108896